|
|
|
|
| LEADER |
02381nam a22004575i 4500 |
| 001 |
978-0-387-32963-5 |
| 003 |
DE-He213 |
| 005 |
20151204184226.0 |
| 007 |
cr nn 008mamaa |
| 008 |
100301s2006 xxu| s |||| 0|eng d |
| 020 |
|
|
|a 9780387329635
|9 978-0-387-32963-5
|
| 024 |
7 |
|
|a 10.1007/0-387-32963-3
|2 doi
|
| 040 |
|
|
|d GrThAP
|
| 050 |
|
4 |
|a QH573-671
|
| 072 |
|
7 |
|a PSF
|2 bicssc
|
| 072 |
|
7 |
|a SCI049000
|2 bisacsh
|
| 082 |
0 |
4 |
|a 571.6
|2 23
|
| 100 |
1 |
|
|a Sink, Helen.
|e author.
|
| 245 |
1 |
0 |
|a Muscle Development in Drosophila
|h [electronic resource] /
|c by Helen Sink.
|
| 264 |
|
1 |
|a New York, NY :
|b Springer New York,
|c 2006.
|
| 300 |
|
|
|a VIII, 207 p. 50 illus., 14 illus. in color.
|b online resource.
|
| 336 |
|
|
|a text
|b txt
|2 rdacontent
|
| 337 |
|
|
|a computer
|b c
|2 rdamedia
|
| 338 |
|
|
|a online resource
|b cr
|2 rdacarrier
|
| 347 |
|
|
|a text file
|b PDF
|2 rda
|
| 490 |
1 |
|
|a Molecular Biology Intelligence Unit
|
| 505 |
0 |
|
|a An Introduction to Muscle Development in Drosophila -- The Muscle Pattern of Drosophila -- Mesoderm Formation in the Drosophila Embryo -- Development of the Cardiac Musculature -- Development of the Somatic Gonad and Fat Bodies -- Development of the Larval Visceral Musculature -- Development of the Larval Somatic Musculature -- Muscle Morphogenesis -- Muscle Attachment Sites -- Neuromuscular Development -- Metamorphosis and the Formation of the Adult Musculature -- Molecular Basis of Muscle Structure -- Whole Genome Approaches to Studying Drosophila Muscle Development -- Comparison of Muscle Development in Drosophila and Vertebrates.
|
| 520 |
|
|
|a The different aspects of muscle development are considered from cellular, molecular and genetic viewpoints, and the text is supported by black/white and color illustrations. The book will appeal to those studying muscle development and muscle biology in any organism.
|
| 650 |
|
0 |
|a Life sciences.
|
| 650 |
|
0 |
|a Cell biology.
|
| 650 |
|
0 |
|a Developmental biology.
|
| 650 |
1 |
4 |
|a Life Sciences.
|
| 650 |
2 |
4 |
|a Cell Biology.
|
| 650 |
2 |
4 |
|a Developmental Biology.
|
| 710 |
2 |
|
|a SpringerLink (Online service)
|
| 773 |
0 |
|
|t Springer eBooks
|
| 776 |
0 |
8 |
|i Printed edition:
|z 9780387300535
|
| 830 |
|
0 |
|a Molecular Biology Intelligence Unit
|
| 856 |
4 |
0 |
|u http://dx.doi.org/10.1007/0-387-32963-3
|z Full Text via HEAL-Link
|
| 912 |
|
|
|a ZDB-2-SBL
|
| 950 |
|
|
|a Biomedical and Life Sciences (Springer-11642)
|